00464nam a22001577a 4500003000400000082001800004100001700022245004300039260004400082300000800126650001900134653001900153942001200172952010500184999001700289SGT a617.645bD21T aTomar, Megha a3-Dimensional Printing in Periodontics aGurugram, HaryanabSGT Universityc2021 a140 aPeriodontology aPeriodontology 2ddccTH 00102ddc405171aFDbFDd2022-12-23l0o617.645 D21TpDT1414r2022-12-23 00:00:00w2022-12-23yTH c23635d23635